| 000 | 00660nam a2200229 a 4500 | ||
|---|---|---|---|
| 008 | |||
| 020 | _a0340742070 (hbk.) | ||
| 049 | _aMAIN | ||
| 090 |
_aRC280.L9 _bMAL |
||
| 245 | 1 | 0 |
_aMalignant lymphoma / _cedited by B. W. Hancock... [et al.] |
| 260 |
_aLondon. : _bArnold, _c2000. |
||
| 300 |
_ax, 449 p. : _bill. (some col.). ; _c28 cm. |
||
| 504 | _aIncludes bibliographical references. | ||
| 500 | _aIncludes Index. | ||
| 650 | _aLymphoma. | ||
| 700 | _aHancock, B.W. | ||
| 907 |
_a.b10271533 _b19-09-12 _c16-11-09 |
||
| 003 | |||
| 005 | 20230123125130.0 | ||
| 040 | _cNUST | ||
| 942 |
_cBOOKS _kRC280.L9 _mMAL |
||
| 999 |
_c136280 _d136280 |
||